Aristotelis Metaphysica = Metafísica de Aristóteles

Salvato in:
Dettagli Bibliografici
Autore principale: Aristóteles, 384 a.C.- 322 a.C (autor)
Altri autori: García Yebra, Valentín (traductor)
Natura: Libro
Lingua:inglese
Pubblicazione: Madrid, España: Gredos, 1982.
Edizione:Segunda edición revisada. Edición trilingüe.
Serie:Biblioteca Hispánica de Filosofía.
Soggetti:
Tags: Aggiungi Tag
Nessun Tag, puoi essere il primo ad aggiungerne!!

MARC

LEADER 00000nam a22000007a 4500
003 CL-VaPUC
005 20241127085259.0
008 220719t1982 ||||| |||| 00| 0 eng d
999 |c 437228  |d 437226 
020 |a 84-249-2176-3 
040 |c Pontificia Universidad Católica de Valparaíso 
082 7 |a 185 ARI 1982  |2 22 
100 |a Aristóteles,  |d 384 a.C.- 322 a.C.  |e autor  |9 194 
245 |a Aristotelis Metaphysica = Metafísica de Aristóteles  
250 |a Segunda edición revisada. Edición trilingüe.  
260 |a Madrid, España:   |b Gredos,   |c 1982.  
300 |a 830 páginas.  
490 |a Biblioteca Hispánica de Filosofía.  
500 |a c.1 Donación Familia Prof. Alejandro Guzmán Brito. 
583 |c 20220719  |k GC 
600 0 |a Aristóteles,  |d 384 a.C.- 322 a.C.  |t Metafísica  |9 194 
700 |a García Yebra, Valentín  |e traductor  |9 873317 
942 |2 ddc  |c BK  |n 0 
952 |0 0  |1 0  |2 ddc  |4 0  |6 185_000000000000000_ARI_1982  |7 0  |8 C_AGB  |9 584986  |a BIBDER  |b BIBDER  |d 2022-07-19  |e Donación   |i 5653059  |o 185 ARI 1982  |p 5653059  |r 2023-01-25  |t 1  |w 2022-07-19  |y BK_US  |k AGB